000 00648nam a2200181Ia 4500
008 100920s9999 xx 000 0 und d
082 _b38024
_a320 थ 77
100 _aभोळे भास्कर लक्ष्मण.
245 _aदुसरे स्वातंत्र्य.
260 _bअमेय प्रकाशन, नागपूर 2.
_c1977
300 _a267
_bसाधी
365 _b25
520 _aराजकारण.
630 _aदुसरे स्वातंत्र्य.
650 _aराजकारण.
730 _aदुसरे स्वातंत्र्य.
942 _cBOOK
999 _c690302
_d690299